000
00216nam a22000857a 4500
008
161129b xxu||||| |||| 00| 0 eng d
100
_9
1532
_a
Mallik.v
245
_a
Study Guide For Class
260
_a
New Delhi
_b
NCERT
_c
1985
999
_c
4261
_d
4261